Modelling and Optimisation of Membrane Process Operation bachelor thesis

Salvato in:
Dettagli Bibliografici
Autore principale: Šatura, Lukáš
Natura: Libro
Lingua:inglese
Pubblicazione: Bratislava STU FCHPT 2018
Accesso online:Visualizza in OPAC
Tags: Aggiungi Tag
Nessun Tag, puoi essere il primo ad aggiungerne!!

MARC

LEADER 00000nam a2200000 a 4500
005 20260127133957.0
008 181023 2018 xo a 001 0 eng d
035 |a vtls011786917 
039 9 |y 201810230943  |z mschk03 
040 |a STUSCHK1  |b slo  |c STUSCHK1  |e AACR2 
100 1 |a Šatura, Lukáš 
245 1 |a Modelling and Optimisation of Membrane Process Operation  |b bachelor thesis  |c 2018 
260 |a Bratislava  |b STU FCHPT  |c 2018 
300 |a 40 s.  |b il.  |c 25 cm 
500 |a Study Programme: Chemical Engineering 
500 |a Study field: Chemical Engineering 
500 |a Training Workplace: Institute of Information engineering, Automation and Mathematics 
500 |a Reg.No.: FCHPT-5431-82597 
910 |a SCHK95 
999 |c 1314  |d 1314